LEADER 01644nam a2200361 a 4500 001 000000127861 003 CaOOAMICUS 005 20120302120304.0 008 120302s2011 it u000 u ita r 040 $aPUL$bita 041 1 $aita$hpor 082 04$a808.8 100 1 $aPessoa, Fernando,$d1888-1935.$0(OLS)http://pul/name/81639 240 10$aBanqueiro anarquista.$lItaliano.$0(OLS)http://pul/title/161572 245 13$aIl banchiere anarchico e altri racconti /$cFernando Pessoa ; introduzione a Il banchiere anarchico di Concita De Gregorio. 260 $aRoma :$bGruppo editoriale l'Espresso,$c©2011. 300 $a95 p. ;$c20 cm 490 1 $aI Grandi della narrativa ;$v19 500 $aSul front.: La biblioteca di Repubblica. 500 $aInclude i racconti: L'ora del diavolo e Una cena molto originale. 700 1 $aDe Gregorio, Concita.$0(OLS)http://pul/name/78112 740 22$aL'ora del diavolo. 740 42$aUna cena molto originale. 830 0$aGrandi della narrativa (L'Espresso) ;$v19.$0(OLS)http://pul/title/159128 850 $aPUL 852 $aPUL$W1$xDP2 Cons. Gen., Altre Classi 3$y97$m808. 8 COLL 2.19$j147982$qDDC 21$B146583$CPULBib$Z2$F146583 $H118461 $82 941 1 $a9 996 $6082$a808.8$9(OLS)http://pul/classification/2065 996 $6740$aUna cena molto originale$9(OLS)http://pul/title/161575 996 $6245$aIl banchiere anarchico e altri racconti$9(OLS)http://pul/title/161573 996 $6740$aL'ora del diavolo$9(OLS)http://pul/title/161574 996 $6260$aRoma :$bGruppo editoriale l'Espresso$9(OLS)http://pul/publisher/79104 LEADER 01253nam a2200265 u 4500 001 000000021410 003 CaOOAMICUS 005 20070226111017.0 008 950313s1954 fr u000 u fre u 035 $a10529348 040 $aPUL$bita 100 1 $aMichel, Albert,$d1877-$0(OLS)http://pul/name/15682 245 13$aLe Maître de justice d'après les documents de la Mer Morte, la littérature apocryphe et rabbinique /$cA. Michel. 260 $a[Avignon] :$bAubanel père,$c[1954] 300 $axxiii, 335, [1] p. ;$c23 cm 504 $a"Bibliographie": S. [xix]-xxiii 630 04$aDead Sea scrolls.$0(OLS)http://pul/subject/13779 850 $aPUL 852 $aPUL$W1$xSL Religione 1$y3$m1 F 32$j30034$nBK-PRI$b $qStampati$B30034$CPULBib$Z2$F30034 $H $81 852 $aPUL$W1$xDP1 Fondo Cecchetti$y53$m264 E 6$j30035$nBK-PRI$b $qFondi$B30035$CPULBib$Z2$F30035 $HPUL877 $81 941 1 $a8 941 1 $a1 961 $aINV: 178. -- Fondo Mons. Cecchetti. 996 $6245$aLe Maître de justice d'après les documents de la Mer Morte, la littérature apocryphe et rabbinique$9(OLS)http://pul/title/29986 996 $6260$a[Avignon] :$bAubanel père$9(OLS)http://pul/publisher/57125